[Event "ODJM B 2016"]
[Site "Willingen GER"]
[Date "2016.05.15"]
[Round "1"]
[White "Reyher, Susan"]
[Black "Schirrmeister, Laura"]
[Result "1-0"]
[Termination "normal"]
[Board "1"]
[WhiteElo "1761"]
[BlackElo "1351"]
[PlyCount "49"]
[WhiteFideId "24686107"]
[BlackFideId "24694967"]
[EventCountry "GER"]
[EventRounds "9"]
[EventType "swiss"]
[EventDate "2016.05.14"]

1. e4 e6 2. d4 d5 3. exd5 exd5 4. Bd3 Bd6 5. Nf3 Nf6 6. O-O O-O 7. Re1 Nbd7 8.
Nbd2 c5 9. c3 Qc7 10. Nf1 b6 11. Bd2 Bb7 12. b3 cxd4 13. Nxd4 Ne5 14. Qc2 Nxd3
15. Qxd3 Rac8 16. Ng3 Ng4 17. Qf5 Nf6 18. Nb5 Qb8 19. f3 Bc6 20. Nxd6 Qxd6 21.
Qg5 h6 22. Qe3 Qc5 23. Nf5 Qxe3+ 24. Rxe3 Rcd8 25. Ne7+ 1-0

[Event "ODJM B 2016"]
[Site "Willingen GER"]
[Date "2016.05.15"]
[Round "1"]
[White "Klühs, Gustaf"]
[Black "Oberhofer, Marie"]
[Result "0-1"]
[Termination "normal"]
[Board "2"]
[WhiteElo "1249"]
[BlackElo "1601"]
[PlyCount "56"]
[WhiteFideId "16228936"]
[BlackFideId "12938165"]
[EventCountry "GER"]
[EventRounds "9"]
[EventType "swiss"]
[EventDate "2016.05.14"]

1. d4 Nf6 2. Nd2 d5 3. Ngf3 g6 4. e3 Bg7 5. Bd3 O-O 6. O-O Nc6 7. c3 Re8 8. e4
dxe4 9. Nxe4 e5 10. Nxe5 Nxe5 11. Nxf6+ Bxf6 12. dxe5 Rxe5 13. Bc4 Qe7 14. Be3
c5 15. Qd3 Bf5 16. Qd1 Rd8 17. Qb3 b6 18. Rad1 Rxd1 19. Rxd1 Bg4 20. Rd5 Rxd5
21. Bxd5 Be5 22. f3 Bf5 23. f4 Bxf4 24. Bxf7+ Kg7 25. Bf2 Qxf7 26. Qa3 Qd7 27.
Qb3 Qd2 28. g3 Bh3 0-1

[Event "ODJM B 2016"]
[Site "Willingen GER"]
[Date "2016.05.15"]
[Round "1"]
[White "Rempe, Jonas"]
[Black "Leib, Amina"]
[Result "0-1"]
[Termination "normal"]
[Board "4"]
[WhiteElo "1245"]
[BlackElo "1510"]
[PlyCount "120"]
[WhiteFideId "16202406"]
[BlackFideId "12982970"]
[EventCountry "GER"]
[EventRounds "9"]
[EventType "swiss"]
[EventDate "2016.05.14"]

1. e4 e5 2. Nf3 Nf6 3. Nxe5 d6 4. Nf3 Nxe4 5. Be2 Be7 6. O-O O-O 7. d3 Nf6 8.
Be3 Nc6 9. Nbd2 Be6 10. c3 d5 11. Qc2 Qd6 12. Nb3 b6 13. Nfd4 Nxd4 14. Nxd4 Ng4
15. Bxg4 Bxg4 16. f3 Bd7 17. Bf2 c5 18. Bg3 Qg6 19. Ne2 c4 20. Nf4 Qf5 21. Rac1
Bg5 22. d4 Bxf4 23. Qxf5 Be3+ 24. Kh1 Bxf5 25. Rce1 Rfe8 26. f4 Bd2 27. Rd1 Re2
28. a3 Be4 29. Rg1 Be3 30. Rde1 Bxg2+ 31. Rxg2 Rxe1+ 32. Bxe1 Bxf4 33. Re2 Bd6
34. Bg3 Bf8 35. Re5 Rd8 36. Kg2 f6 37. Re6 Kf7 38. Rc6 Rd7 39. Kf2 Kg6 40. Rc8
Bd6 41. Ra8 Bxg3+ 42. hxg3 Kg5 43. Rh8 h5 44. Rg8 Kg4 45. Rh8 g5 46. Rh6 f5 47.
Rg6 f4 48. gxf4 Kxf4 49. Rf6+ Kg4 50. Rh6 h4 51. Rh8 h3 52. Rh6 Rf7+ 53. Kg1
Kg3 54. Rh8 Re7 55. Kf1 h2 56. Rh6 Rf7+ 57. Ke2 Kg2 58. Rg6 Rf5 59. Rh6 h1=Q
60. Rxh1 Kxh1 0-1

[Event "ODJM B 2016"]
[Site "Willingen GER"]
[Date "2016.05.15"]
[Round "1"]
[White "Straßburg, Robin Leonard"]
[Black "Kobald, Pierre"]
[Result "1-0"]
[Termination "normal"]
[Board "5"]
[WhiteElo "1819"]
[BlackElo "1241"]
[PlyCount "57"]
[WhiteFideId "16210018"]
[BlackFideId "12983659"]
[EventCountry "GER"]
[EventRounds "9"]
[EventType "swiss"]
[EventDate "2016.05.14"]

1. d4 c5 2. e3 g6 3. Nf3 Bg7 4. Bd3 Nc6 5. c3 Nf6 6. Nbd2 O-O 7. O-O d6 8. Re1
Re8 9. Bc2 Bg4 10. h3 Be6 11. Nf1 Bd7 12. b3 e5 13. dxe5 Nxe5 14. Nxe5 Rxe5 15.
Bb2 Qc8 16. Kh2 Qc6 17. Qd2 Rg5 18. f3 Rh5 19. Ng3 Rh4 20. Qf2 Re8 21. c4 Nh5
22. Bxg7 Kxg7 23. Ne4 g5 24. Nxg5 Rxh3+ 25. Nxh3 Rg8 26. Qh4 Nf6 27. Qg5+ Kf8
28. Qxf6 Bxh3 29. gxh3 1-0

[Event "ODJM B 2016"]
[Site "Willingen GER"]
[Date "2016.05.15"]
[Round "1"]
[White "Gehrke, Korbinian"]
[Black "Kolb, Verena"]
[Result "0-1"]
[Termination "normal"]
[Board "6"]
[WhiteElo "1234"]
[BlackElo "1650"]
[PlyCount "58"]
[WhiteFideId "12993913"]
[BlackFideId "12992313"]
[EventCountry "GER"]
[EventRounds "9"]
[EventType "swiss"]
[EventDate "2016.05.14"]

1. e4 e6 2. d4 d5 3. e5 c5 4. c3 Nc6 5. Nf3 Qb6 6. Be3 cxd4 7. Nxd4 Bc5 8. b3
Nge7 9. b4 Bxd4 10. Bxd4 Nxd4 11. cxd4 Qxb4+ 12. Nd2 Qxd4 13. Bb5+ Nc6 14. O-O
Qxe5 15. Qc2 Bd7 16. Bd3 Nb4 17. Qb1 Nxd3 18. Qxd3 O-O 19. Rab1 a6 20. Rxb7 Bb5
21. Qc2 Bxf1 22. Kxf1 Qxh2 23. Rb3 Qh6 24. Rh3 Qg6 25. Qd1 Rfc8 26. Qa1 Qc2 27.
Nb3 Rc7 28. Rg3 f6 29. Qxf6 Qd1# 0-1

[Event "ODJM B 2016"]
[Site "Willingen GER"]
[Date "2016.05.15"]
[Round "1"]
[White "Lilienthal, Niels Bennett"]
[Black "von der Weyden, Louis"]
[Result "1-0"]
[Termination "normal"]
[Board "7"]
[WhiteElo "1558"]
[BlackElo "1387"]
[PlyCount "115"]
[WhiteFideId "16205421"]
[BlackFideId "16207050"]
[EventCountry "GER"]
[EventRounds "9"]
[EventType "swiss"]
[EventDate "2016.05.14"]

1. d4 e6 2. e3 Nf6 3. Bd3 b6 4. Nf3 Bb7 5. O-O Be7 6. Nbd2 c5 7. b3 O-O 8. Bb2
d5 9. c4 Nbd7 10. Qc2 Bd6 11. e4 cxd4 12. Bxd4 e5 13. Bb2 d4 14. Ng5 Ng4 15.
Nh3 Bb4 16. Qd1 Nc5 17. Nf3 Nxe4 18. Bxe4 Bxe4 19. Qe2 Bg6 20. Nxe5 Nxe5 21.
Qxe5 Bc5 22. Rad1 Re8 23. Qg3 f6 24. a3 Bc2 25. Rd2 d3 26. Nf4 Qc7 27. Nxd3
Qxg3 28. hxg3 Rad8 29. Rxc2 Rxd3 30. b4 Bd4 31. Bxd4 Rxd4 32. c5 Rc8 33. Rfc1
b5 34. Kf1 Kf7 35. Ke2 Re8+ 36. Kf1 Ke7 37. Re1+ Kd7 38. Rxe8 Kxe8 39. Rc3 Kd7
40. Ke2 Rd5 41. Rd3 Rxd3 42. Kxd3 Kc6 43. Ke4 g6 44. g4 h6 45. f4 a5 46. Kd4
axb4 47. axb4 f5 48. gxf5 gxf5 49. Ke5 h5 50. Kxf5 h4 51. Ke6 h3 52. gxh3 Kc7
53. Ke7 Kb7 54. f5 Ka6 55. f6 Ka7 56. f7 Kb7 57. f8=Q Ka6 58. Qa8# 1-0

[Event "ODJM B 2016"]
[Site "Willingen GER"]
[Date "2016.05.15"]
[Round "1"]
[White "Burdot, Louis"]
[Black "Von Jan, Lena"]
[Result "1/2-1/2"]
[Termination "normal"]
[Board "8"]
[WhiteElo "1214"]
[BlackElo "1420"]
[PlyCount "135"]
[WhiteFideId "4004760"]
[BlackFideId "12946060"]
[EventCountry "GER"]
[EventRounds "9"]
[EventType "swiss"]
[EventDate "2016.05.14"]

1. e4 e5 2. Nf3 Nc6 3. Bc4 Bc5 4. c3 d6 5. d4 exd4 6. cxd4 Bb6 7. Be3 h6 8. O-O
Nf6 9. Nc3 O-O 10. e5 dxe5 11. dxe5 Nd7 12. Bf4 Nc5 13. Qxd8 Rxd8 14. Rad1 Re8
15. h3 a6 16. Nd5 Ba5 17. a3 Nd7 18. e6 fxe6 19. Nxc7 Bxc7 20. Bxc7 Nf6 21. Ne5
Nxe5 22. Bxe5 b5 23. Bb3 Nd7 24. Bd6 Kh8 25. Rfe1 Nf6 26. Rd2 a5 27. Rde2 Ra6
28. Bg3 a4 29. Ba2 Rc6 30. f4 Nh7 31. f5 Nf8 32. Re5 Bd7 33. Rxb5 exf5 34. Rxe8
Bxe8 35. Rxf5 Nh7 36. Kh2 Nf6 37. Be1 Rd6 38. Bc3 Nd7 39. Bb4 Rb6 40. Bf7 Bxf7
41. Rxf7 Ne5 42. Ra7 Nd3 43. Bf8 Rg6 44. Rxa4 Nxb2 45. Rg4 Rxg4 46. hxg4 Kg8
47. Bb4 g6 48. Kg3 Kf7 49. g5 h5 50. Kf4 Ke6 51. g4 hxg4 52. Kxg4 Na4 53. Kf4
Kd5 54. Ke3 Ke5 55. Kd3 Kd5 56. Kc2 Kc4 57. Kd2 Kd4 58. Ba5 Kc4 59. Kc2 Nc5 60.
Kb2 Na4+ 61. Kc2 Nc5 62. Bb4 Na4 63. Bf8 Nb6 64. Kd2 Kd4 65. Bg7+ Kc4 66. Ke3
Kd5 67. Kf4 Na4 68. Ke3 1/2-1/2

[Event "ODJM B 2016"]
[Site "Willingen GER"]
[Date "2016.05.15"]
[Round "1"]
[White "Zell, Mirjam"]
[Black "Jacoby, Angelina"]
[Result "1-0"]
[Termination "normal"]
[Board "9"]
[WhiteElo "1677"]
[BlackElo "1240"]
[PlyCount "77"]
[WhiteFideId "16208544"]
[BlackFideId "12999008"]
[EventCountry "GER"]
[EventRounds "9"]
[EventType "swiss"]
[EventDate "2016.05.14"]

1. e4 d5 2. exd5 Qxd5 3. Nc3 Qa5 4. Nf3 Nf6 5. d3 c6 6. Be2 Bf5 7. O-O e6 8.
Nh4 Bg6 9. Be3 Bd6 10. Re1 Nbd7 11. a3 Bh5 12. Bxh5 Qxh5 13. Qxh5 Nxh5 14. Ne4
Be5 15. d4 Bc7 16. c4 Nhf6 17. Nxf6+ Nxf6 18. h3 O-O 19. Rad1 h6 20. Nf3 Rad8
21. Ne5 c5 22. Nf3 cxd4 23. Nxd4 a6 24. b4 Nh7 25. Nb3 Rxd1 26. Rxd1 Rd8 27.
Rxd8+ Bxd8 28. Nc5 b6 29. Nxa6 Kf8 30. Nb8 Bc7 31. Nd7+ Ke7 32. Nxb6 Bxb6 33.
Bxb6 Kd7 34. a4 Nf6 35. a5 Ne4 36. a6 Kc6 37. c5 Nc3 38. a7 Kb7 39. c6+ 1-0

[Event "ODJM B 2016"]
[Site "Willingen GER"]
[Date "2016.05.15"]
[Round "1"]
[White "Hamm, Oliver"]
[Black "Rachor, Felix"]
[Result "1/2-1/2"]
[Termination "normal"]
[Board "10"]
[WhiteElo "1400"]
[BlackElo "1580"]
[PlyCount "46"]
[WhiteFideId "12999016"]
[BlackFideId "16200209"]
[EventCountry "GER"]
[EventRounds "9"]
[EventType "swiss"]
[EventDate "2016.05.14"]

1. d4 d5 2. Nf3 Nf6 3. e3 e6 4. Bd3 Be7 5. b3 b6 6. Bb2 Bb7 7. O-O Nbd7 8. Nbd2
O-O 9. Ne5 Rc8 10. c4 c5 11. f4 Ne4 12. Rc1 Ndf6 13. Ndf3 Bd6 14. Qe2 h6 15.
Rc2 Rc7 16. Rfc1 Qe7 17. Rf1 Rfc8 18. Rfc1 Kf8 19. Ba1 Kg8 20. Bb2 Kf8 21. Ba1
Ba8 22. Bb2 Kg8 23. Ba1 Bb7 1/2-1/2

[Event "ODJM B 2016"]
[Site "Willingen GER"]
[Date "2016.05.15"]
[Round "1"]
[White "Schranz, Patrick"]
[Black "Funke, Maximilian"]
[Result "1-0"]
[Termination "normal"]
[Board "11"]
[WhiteElo "1493"]
[BlackElo "1190"]
[PlyCount "99"]
[WhiteFideId "12987298"]
[BlackFideId "16251989"]
[EventCountry "GER"]
[EventRounds "9"]
[EventType "swiss"]
[EventDate "2016.05.14"]

1. d4 Nf6 2. c4 g6 3. Nc3 Bg7 4. Nf3 O-O 5. e4 d6 6. Bd3 Re8 7. O-O e5 8. d5
Nbd7 9. h3 a5 10. Be3 b6 11. Nb5 Ba6 12. a4 Qb8 13. Rb1 Rc8 14. Qd2 c6 15. dxc6
Rxc6 16. b4 Bb7 17. Rfd1 Rc8 18. Nc3 axb4 19. Rxb4 Ra6 20. Nd5 Bxd5 21. cxd5
Ra7 22. Rdb1 Qc7 23. Bxb6 Nxb6 24. Rxb6 Rxa4 25. Rc6 Qd7 26. Qc2 Raa8 27. Nd2
Bh6 28. Ba6 Re8 29. Rc7 Qd8 30. Bb7 Rb8 31. Rc4 Re7 32. Bc6 Rxb1+ 33. Nxb1 Ra7
34. Bb5 Kg7 35. Rc6 Qb8 36. Bd3 Ra1 37. Kh2 Ra7 38. Rc8 Qb7 39. Rd8 Qe7 40. Qc8
Nd7 41. Rg8+ Kf6 42. Re8 Nb6 43. Qd8 Qxd8 44. Rxd8 Rd7 45. Rb8 Na4 46. Bb5 Ra7
47. Bxa4 Rxa4 48. Nc3 Ra6 49. Nb5 Bg7 50. Nc7 1-0

[Event "ODJM B 2016"]
[Site "Willingen GER"]
[Date "2016.05.15"]
[Round "1"]
[White "Kalina, Lena"]
[Black "Giede, Anna-Blume"]
[Result "0-1"]
[Termination "normal"]
[Board "12"]
[WhiteElo "1410"]
[BlackElo "1506"]
[PlyCount "120"]
[WhiteFideId "12988014"]
[BlackFideId "12921980"]
[EventCountry "GER"]
[EventRounds "9"]
[EventType "swiss"]
[EventDate "2016.05.14"]

1. d4 c6 2. Nf3 d5 3. c4 Nf6 4. Bg5 Ne4 5. Bf4 dxc4 6. e3 b5 7. a4 Bg4 8. axb5
cxb5 9. Nc3 Nxc3 10. bxc3 Nc6 11. h3 Bf5 12. g4 Be4 13. Bg2 Na5 14. O-O Nb3 15.
Ra3 e6 16. Ra2 Bd6 17. Bxd6 Qxd6 18. Nd2 Bxg2 19. Kxg2 Nxd2 20. Qxd2 O-O 21.
Rfa1 Qb6 22. Ra6 Qb7+ 23. Kg1 Rfe8 24. R6a3 a6 25. Qb2 Ra7 26. Qb4 h6 27. Ra5
Rb8 28. R1a2 Rba8 29. Ra1 Qc6 30. Rb1 Qf3 31. Qd6 Qxh3 32. Qf4 Qh4 33. e4 Qd8
34. Rba1 Qg5 35. Qxg5 hxg5 36. Kf1 Kf8 37. Ke2 Ke7 38. Kd2 Kd6 39. e5+ Kc6 40.
Kc2 Kb6 41. Kd2 Rh8 42. Ke3 Rh6 43. Ke2 Rh3 44. f3 Rh2+ 45. Ke3 Rc2 46. R1a3
Rxc3+ 47. Rxc3 Kxa5 48. Kd2 Rc7 49. Ra3+ Kb6 50. Kc3 a5 51. Kc2 b4 52. Ra1 Kb5
53. Kb2 a4 54. Rb1 c3+ 55. Kc2 b3+ 56. Kc1 Rc8 57. d5 exd5 58. Ra1 Rh8 59. Kd1
Rh1+ 60. Ke2 Rxa1 0-1

[Event "ODJM B 2016"]
[Site "Willingen GER"]
[Date "2016.05.15"]
[Round "1"]
[White "Haase, Dominik"]
[Black "Parma, Lea"]
[Result "1-0"]
[Termination "normal"]
[Board "13"]
[WhiteElo "1468"]
[BlackElo "1170"]
[PlyCount "85"]
[WhiteFideId "16208781"]
[BlackFideId "16222377"]
[EventCountry "GER"]
[EventRounds "9"]
[EventType "swiss"]
[EventDate "2016.05.14"]

1. d4 Nf6 2. c4 g6 3. Nc3 Bg7 4. e4 d6 5. f3 O-O 6. Be3 e5 7. d5 c6 8. Bd3 cxd5
9. cxd5 b6 10. Nge2 Ba6 11. O-O Bxd3 12. Qxd3 Nbd7 13. b4 a5 14. a3 axb4 15.
axb4 Qe7 16. Ra6 Rxa6 17. Qxa6 Rb8 18. Nb5 Ne8 19. Nec3 Qd8 20. Na7 Nc7 21. Qc4
Ra8 22. Nc6 Qe8 23. Ne7+ Qxe7 24. Qxc7 Rb8 25. Nb5 Bf8 26. Na7 Qd8 27. Rc1 Qxc7
28. Rxc7 Nf6 29. Nc6 Ne8 30. Rxf7 Kxf7 31. Nxb8 b5 32. Bb6 Ke7 33. Nc6+ Kd7 34.
Na7 Nc7 35. Bxc7 Kxc7 36. Nxb5+ Kb6 37. Na3 Be7 38. Kf2 Bd8 39. Nc4+ Kb5 40.
Nxd6+ Kxb4 41. Nf7 Bb6+ 42. Ke2 Kc5 43. Nxe5 1-0

[Event "ODJM B 2016"]
[Site "Willingen GER"]
[Date "2016.05.15"]
[Round "1"]
[White "Beyer, Lorenz"]
[Black "Müller, Marvin"]
[Result "0-1"]
[Termination "normal"]
[Board "14"]
[WhiteElo "1169"]
[BlackElo "1480"]
[PlyCount "100"]
[WhiteFideId "16245393"]
[BlackFideId "16214528"]
[EventCountry "GER"]
[EventRounds "9"]
[EventType "swiss"]
[EventDate "2016.05.14"]

1. e4 c5 2. Bc4 e6 3. Nf3 a6 4. a3 Qc7 5. Nc3 b5 6. Ba2 Bb7 7. d4 b4 8. axb4
cxb4 9. Ne2 Bxe4 10. Bb3 Nf6 11. Bf4 d6 12. Ba4+ Nbd7 13. Bg5 Be7 14. Qd2 a5
15. Rc1 Qb7 16. Bxd7+ Qxd7 17. Qf4 Bb7 18. O-O h6 19. Bxf6 Bxf6 20. Ng3 Qe7 21.
Nh5 O-O 22. Nxf6+ Qxf6 23. Qxf6 gxf6 24. Nd2 Kh7 25. Nc4 Ra6 26. Nd2 Rg8 27. f3
Rc8 28. c3 Rac6 29. Nb3 a4 30. Na5 R6c7 31. Nxb7 Rxb7 32. cxb4 Rxc1 33. Rxc1
Rxb4 34. Ra1 Rxd4 35. Kf2 Rb4 36. Kg3 e5 37. Kf2 Rxb2+ 38. Ke3 d5 39. Rxa4 Rxg2
40. Ra7 Kg7 41. Ra5 d4+ 42. Kd3 Rxh2 43. Ra1 Rh5 44. Rg1+ Rg5 45. Rf1 Rg3 46.
Rf2 h5 47. Ke2 h4 48. Rh2 h3 49. Rh1 f5 50. Kf2 f4 0-1

[Event "ODJM B 2016"]
[Site "Willingen GER"]
[Date "2016.05.15"]
[Round "1"]
[White "Winterberg, Johanna"]
[Black "Reuter, Marek"]
[Result "1-0"]
[Termination "normal"]
[Board "15"]
[WhiteElo "1755"]
[BlackElo "1152"]
[PlyCount "29"]
[WhiteFideId "12929344"]
[BlackFideId "16226712"]
[EventCountry "GER"]
[EventRounds "9"]
[EventType "swiss"]
[EventDate "2016.05.14"]

1. e4 c6 2. d4 d5 3. exd5 cxd5 4. c4 Nf6 5. Nc3 e6 6. Nf3 Bb4 7. Bd3 Nc6 8. O-O
O-O 9. Bg5 Re8 10. Ne5 h6 11. Be3 Bd6 12. f4 Bxe5 13. fxe5 Ng4 14. Qxg4 Kf8 15.
Rxf7+ 1-0

[Event "ODJM B 2016"]
[Site "Willingen GER"]
[Date "2016.05.15"]
[Round "1"]
[White "Trams, Emma Joe"]
[Black "Caliebe, Nanke"]
[Result "1-0"]
[Termination "normal"]
[Board "16"]
[WhiteElo "1360"]
[BlackElo "1478"]
[PlyCount "109"]
[WhiteFideId "16206517"]
[BlackFideId "12980528"]
[EventCountry "GER"]
[EventRounds "9"]
[EventType "swiss"]
[EventDate "2016.05.14"]

1. e4 c5 2. Nf3 d6 3. d4 cxd4 4. Nxd4 a6 5. Bc4 Nf6 6. Nc3 b5 7. Bb3 b4 8. Nd5
Nxe4 9. Nxb4 e5 10. Qf3 Ng5 11. Qxa8 Qb6 12. O-O Nh3+ 13. Kh1 Qxb4 14. Nf3 e4
15. Re1 Be7 16. Bd2 Qb6 17. Be3 Qb5 18. Qxe4 Bf5 19. Qc4 Qxc4 20. Bxc4 Be4 21.
Bd3 Bxf3 22. gxf3 O-O 23. Bf5 Ng5 24. Bb6 Bf6 25. c3 Nxf3 26. Red1 Be5 27. h3
Nc6 28. Be4 Rb8 29. Bxc6 Rxb6 30. Bxf3 g6 31. Rab1 Rb5 32. Be2 Ra5 33. a3 Kf8
34. Kg2 Ke7 35. Kf3 Bf6 36. Bd3 Ra4 37. c4 Ra5 38. Re1+ Kd7 39. Be4 Rc5 40. Bd5
a5 41. Bxf7 Rf5+ 42. Kg2 Rg5+ 43. Kf1 Rh5 44. Be6+ Kc7 45. Rbd1 Bxb2 46. a4 Be5
47. Rd5 Kb6 48. Rb1+ Kc6 49. Rxa5 Kc7 50. Rab5 h6 51. a5 g5 52. Bg4 Rh4 53. a6
Bd4 54. Rb7+ Kc6 55. a7 1-0

[Event "ODJM B 2016"]
[Site "Willingen GER"]
[Date "2016.05.15"]
[Round "1"]
[White "Bünte, Judith"]
[Black "Hierl, Johannes"]
[Result "1/2-1/2"]
[Termination "normal"]
[Board "17"]
[WhiteElo "1468"]
[BlackElo "1142"]
[PlyCount "52"]
[WhiteFideId "16222342"]
[BlackFideId "16235096"]
[EventCountry "GER"]
[EventRounds "9"]
[EventType "swiss"]
[EventDate "2016.05.14"]

1. e4 e5 2. Nf3 Nc6 3. Nc3 Nf6 4. Bc4 Bb4 5. d3 O-O 6. O-O d6 7. Bg5 h6 8. Be3
Re8 9. Nd5 Be6 10. Nxb4 Nxb4 11. Bxe6 Rxe6 12. c3 Nc6 13. Qc2 Ng4 14. Bc1 Qd7
15. h3 Nf6 16. Be3 Rd8 17. Rad1 d5 18. Rfe1 b6 19. Bc1 Ne7 20. b3 c5 21. Bb2
Ng6 22. exd5 Qxd5 23. c4 Qd6 24. Re3 Nd7 25. Rde1 f6 26. Nd2 Qe7 1/2-1/2

[Event "ODJM B 2016"]
[Site "Willingen GER"]
[Date "2016.05.15"]
[Round "1"]
[White "Reuker, Ronja"]
[Black "Wu, Erik"]
[Result "0-1"]
[Termination "normal"]
[Board "18"]
[WhiteElo "1132"]
[BlackElo "1462"]
[PlyCount "62"]
[WhiteFideId "12947172"]
[BlackFideId "12977489"]
[EventCountry "GER"]
[EventRounds "9"]
[EventType "swiss"]
[EventDate "2016.05.14"]

1. e4 c5 2. Nf3 Nc6 3. Nc3 e6 4. Bc4 a6 5. O-O b5 6. Bb3 c4 7. Bxc4 bxc4 8. Qe2
Na5 9. Ne5 Qc7 10. f4 Nf6 11. Ng4 Nxg4 12. Qxg4 Qc5+ 13. Kh1 d5 14. exd5 exd5
15. Re1+ Kd8 16. Qg5+ f6 17. Qxd5+ Qxd5 18. Nxd5 Bf5 19. Ne3 Be4 20. Nxc4 Bxg2+
21. Kxg2 Nxc4 22. d3 Nb6 23. Bd2 a5 24. Re6 Kc7 25. Rae1 Bd6 26. R1e4 a4 27.
Be3 Nd5 28. Bd2 Kd7 29. f5 Rhe8 30. Rxe8 Rxe8 31. Rxa4 Re2+ 0-1

[Event "ODJM B 2016"]
[Site "Willingen GER"]
[Date "2016.05.15"]
[Round "1"]
[White "Fromm, Marius"]
[Black "Arndt, Lena"]
[Result "1-0"]
[Termination "normal"]
[Board "19"]
[WhiteElo "1596"]
[BlackElo "1124"]
[PlyCount "81"]
[WhiteFideId "12993190"]
[BlackFideId "16262476"]
[EventCountry "GER"]
[EventRounds "9"]
[EventType "swiss"]
[EventDate "2016.05.14"]

1. Nf3 Nc6 2. g3 d5 3. Bg2 Nf6 4. O-O e6 5. b3 Bd6 6. Bb2 O-O 7. d3 Re8 8. Nbd2
b6 9. c4 Ne7 10. cxd5 Nexd5 11. Nc4 Be7 12. Nfe5 Bb7 13. Rc1 c5 14. a3 Bd6 15.
Nxd6 Qxd6 16. Qd2 Rac8 17. d4 cxd4 18. Qxd4 Red8 19. Rxc8 Rxc8 20. e4 Rd8 21.
exd5 Bxd5 22. Rd1 Ne8 23. Nc4 Bxc4 24. Qxd6 Rxd6 25. Rxd6 Nxd6 26. bxc4 Nxc4
27. Bc1 g6 28. Bf1 b5 29. Bxc4 bxc4 30. Kf1 Kf8 31. Ke2 Ke7 32. Ke3 Kd7 33. Kd4
Kc7 34. Kxc4 Kc6 35. Kd4 Kd6 36. Bg5 a6 37. a4 Kc6 38. Ke5 Kd7 39. Kf6 Ke8 40.
Kg7 h5 41. h4 1-0

[Event "ODJM B 2016"]
[Site "Willingen GER"]
[Date "2016.05.15"]
[Round "1"]
[White "Maul, Maik"]
[Black "Fuhrmann, Philipp"]
[Result "0-1"]
[Termination "normal"]
[Board "20"]
[WhiteElo "1354"]
[BlackElo "1459"]
[PlyCount "110"]
[WhiteFideId "16204816"]
[BlackFideId "16227557"]
[EventCountry "GER"]
[EventRounds "9"]
[EventType "swiss"]
[EventDate "2016.05.14"]

1. d4 Nf6 2. Nc3 e6 3. e4 d5 4. e5 Nfd7 5. Nf3 c5 6. Be3 Nc6 7. Bb5 Qb6 8. dxc5
Bxc5 9. Bxc5 Qxc5 10. Qe2 a6 11. Bd3 Nd4 12. Nxd4 Qxd4 13. O-O-O Qxe5 14. Qf3
b5 15. Rhe1 Qd6 16. Nxd5 Rb8 17. Bxh7 Kd8 18. Qxf7 exd5 19. Qxg7 Qf6 20. Qxf6+
Nxf6 21. Bd3 Rxh2 22. Rg1 Rb7 23. f3 Rg7 24. g4 Rf2 25. Rgf1 Rxf1 26. Rxf1 Bb7
27. Rg1 d4 28. Be2 Nh5 29. g5 Nf4 30. Bd1 Nh3 31. Rg4 Rxg5 32. Rxd4+ Rd5 33.
Rh4 Ng5 34. Rh5 Rxd1+ 35. Kxd1 Bxf3+ 36. Kd2 Bxh5 37. Kc3 Kc7 38. Kb4 Kb6 39.
a4 a5+ 40. Kb3 b4 41. Kc4 Bd1 42. Kb3 Kc5 43. Ka2 Bxc2 44. Ka1 Bxa4 45. Ka2 Ne4
46. Kb1 Nd2+ 47. Ka1 Nc4 48. Ka2 Nxb2 49. Kxb2 Kc4 50. Ka1 Kc3 51. Ka2 b3+ 52.
Ka1 b2+ 53. Kb1 Bc2+ 54. Ka2 b1=Q+ 55. Ka3 Qb2# 0-1

[Event "ODJM B 2016"]
[Site "Willingen GER"]
[Date "2016.05.15"]
[Round "1"]
[White "Rapp, Lukas"]
[Black "Müller, Lenny William"]
[Result "1-0"]
[Termination "normal"]
[Board "21"]
[WhiteElo "1572"]
[BlackElo "1100"]
[PlyCount "59"]
[WhiteFideId "12989320"]
[BlackFideId "16272811"]
[EventCountry "GER"]
[EventRounds "9"]
[EventType "swiss"]
[EventDate "2016.05.14"]

1. e4 e5 2. Nf3 Nc6 3. Bc4 Bc5 4. c3 Nf6 5. d4 exd4 6. O-O O-O 7. cxd4 Bb4 8.
a3 Be7 9. d5 Na5 10. Bd3 d6 11. b4 Nc4 12. Bxc4 Nxe4 13. Qc2 Bf6 14. Ra2 Qe7
15. Re1 Bf5 16. Bd3 Rfe8 17. Nbd2 Bc3 18. Bxe4 Bxd2 19. Nxd2 g6 20. Qd1 Qh4 21.
Bxf5 gxf5 22. Nf3 Qc4 23. Rae2 Re4 24. Rxe4 fxe4 25. Nd2 Qxd5 26. Qg4+ Kf8 27.
Nxe4 f5 28. Bh6+ Ke7 29. Qg7+ Ke6 30. Nc5# 1-0

[Event "ODJM B 2016"]
[Site "Willingen GER"]
[Date "2016.05.15"]
[Round "1"]
[White "Bilek, Thomas"]
[Black "Zwecker, Conrad"]
[Result "0-1"]
[Termination "normal"]
[Board "22"]
[WhiteElo "1192"]
[BlackElo "1430"]
[PlyCount "60"]
[WhiteFideId "12994707"]
[BlackFideId "12971391"]
[EventCountry "GER"]
[EventRounds "9"]
[EventType "swiss"]
[EventDate "2016.05.14"]

1. d4 Nf6 2. Nc3 g6 3. Bf4 Bg7 4. f3 d6 5. Qd2 O-O 6. O-O-O Nc6 7. Bh6 e5 8. d5
Nd4 9. g4 a6 10. h4 c6 11. h5 cxd5 12. hxg6 fxg6 13. g5 Nd7 14. e3 Nf5 15.
Qxd5+ Kh8 16. Re1 Nc5 17. f4 exf4 18. exf4 Bd7 19. Rh2 a5 20. Qh1 Rf7 21. Bc4
Re7 22. Rxe7 Qxe7 23. Re2 Qf8 24. Qh2 Nxh6 25. gxh6 Bxh6 26. Rf2 Re8 27. Nge2
Ne4 28. Nxe4 Rxe4 29. Bd5 Rxe2 30. Rxe2 Bxf4+ 0-1

[Event "ODJM B 2016"]
[Site "Willingen GER"]
[Date "2016.05.15"]
[Round "1"]
[White "Schulze, Lukas"]
[Black "Rosenhain, Jonathan"]
[Result "1-0"]
[Termination "normal"]
[Board "23"]
[WhiteElo "1299"]
[BlackElo "1222"]
[PlyCount "33"]
[WhiteFideId "12956856"]
[BlackFideId "16212169"]
[EventCountry "GER"]
[EventRounds "9"]
[EventType "swiss"]
[EventDate "2016.05.14"]

1. Nf3 d5 2. c4 Nf6 3. cxd5 Nxd5 4. e4 Nf4 5. d4 Ng6 6. Bc4 Bg4 7. Bxf7+ Kxf7
8. Ng5+ Ke8 9. Qxg4 Nc6 10. d5 Nd4 11. Qd1 c5 12. Be3 Qb6 13. Bxd4 cxd4 14.
Qa4+ Kd8 15. Ne6+ Qxe6 16. dxe6 Ne5 17. Qxd4+ 1-0

[Event "ODJM B 2016"]
[Site "Willingen GER"]
[Date "2016.05.15"]
[Round "1"]
[White "Semukhin, Sophia"]
[Black "Leimbach, Tim Vincent"]
[Result "0-1"]
[Termination "normal"]
[Board "24"]
[WhiteElo "1087"]
[BlackElo "1640"]
[PlyCount "48"]
[BlackFideId "12988600"]
[EventCountry "GER"]
[EventRounds "9"]
[EventType "swiss"]
[EventDate "2016.05.14"]

1. e4 c5 2. Nf3 Nc6 3. Bc4 e6 4. c3 d5 5. exd5 exd5 6. Bb5 Nf6 7. Bxc6+ bxc6 8.
d3 Bd6 9. h3 O-O 10. O-O Ba6 11. Re1 Re8 12. Re3 Rb8 13. Qa4 Qb6 14. c4 d4 15.
Rxe8+ Rxe8 16. Bd2 Qxb2 17. Qb3 Qxa1 18. Qc2 Rb8 19. g3 Qxb1+ 20. Qxb1 Rxb1+
21. Ne1 Rb2 22. Nf3 Rxa2 23. h4 Bc8 24. Kg2 Bg4 0-1